Central Library OPAC University of Rajshahi

সঙ্গীতকোষ / (Record no. 43014)

MARC details
000 -LEADER
fixed length control field 00949nam a2200265 a 4500
001 - CONTROL NUMBER
control field 43014
003 - CONTROL NUMBER IDENTIFIER
rucl marc code BD-RjUL
005 - DATE AND TIME OF LATEST TRANSACTION
control field 20211209053630.0
008 - FIXED-LENGTH DATA ELEMENTS--GENERAL INFORMATION
fixed length control field 180404s1985 bg a b 001 0 ben
020 ## - INTERNATIONAL STANDARD BOOK NUMBER
Terms of availability : Tk. 250.00
035 ## - SYSTEM CONTROL NUMBER
System control number (BD-RjUL)43132
040 ## - CATALOGING SOURCE
Original cataloging agency BD-RjUL
Transcribing agency BD-RjUL
Modifying agency BD-RjUL
Language of cataloging ben
041 ## - LANGUAGE CODE
Language code of text/sound track or separate title ben
082 ## - DEWEY DECIMAL CLASSIFICATION NUMBER
Classification number BR 780.3
Edition number 23
Author mark and year GOS 1985
100 ## - MAIN ENTRY--PERSONAL NAME
Personal name গোস্বামী, করুণাময়
9 (RLIN) 220918
245 10 - TITLE STATEMENT
Title সঙ্গীতকোষ /
Statement of responsibility, etc. করুণাময় গোস্বামী
250 ## - EDITION STATEMENT
Edition statement ১ম সং.
260 ## - PUBLICATION, DISTRIBUTION, ETC. (IMPRINT)
Place of publication, distribution, etc. ঢাকা :
Name of publisher, distributor, etc. বাংলা একাডেমী,
Date of publication, distribution, etc. ১৯৮৫
300 ## - PHYSICAL DESCRIPTION
Pagination [৬], ১০১৬, [48] পৃ. :
Illustrations চিত্র ;
Size ২৩ সেমি.
490 ## - SERIES STATEMENT
Series statement বাএ ;
Volume/sequential designation ১৫৭৯
650 ## - SUBJECT ADDED ENTRY--TOPICAL TERM
Topical term or geographic name as entry element সঙ্গীত
General subdivision অভিধান
9 (RLIN) 220919
Topical term or geographic name as entry element Music
General subdivision Dictionaries
9 (RLIN) 220920
830 ## - SERIES ADDED ENTRY--UNIFORM TITLE
Uniform title বাএ ;
Volume number/sequential designation ১৫৭৯
942 ## - ADDED ENTRY ELEMENTS (KOHA)
Source of classification or shelving scheme Dewey Decimal Classification
Koha item type Reference
Holdings
Lost status Source of classification or shelving scheme Damaged status Not for loan Collection code Permanent Location Current Location Shelving location Date acquired Source of acquisition Cost, normal purchase price Total Checkouts Full call number Date last seen Copy number Koha item type
  Dewey Decimal Classification   Not For Loan Reference Central Library, University of Rajshahi Central Library, University of Rajshahi   25/06/1990 Dhaka, Bangla Academy 250.00   BR 780.3 GOS 1985 04/04/2018 C-1 Reference